Szczegóły MARC21

Earth Observing System. Vol. 2, From pattern to process: the strategy of the earth observing systems : Eos Science Steering Committee report /

005 -DATA I CZAS OSTATNIEJ MODYFIKACJI [,]
    • @
    • pole kontrolne
    • 20100909114345.0
040 -Instytucja sporządzająca opis [ , ]
    • d
    • Instytucja, która zmodyfikowała rekord (P)
    • SZCZ U/OG
041 -Język dokumentu [ , ]
    • a
    • Język tekstu (P)
    • angielski
942 -Rodzaj dokumentu [ , ]
    • c
    • Rodzaj dokumentu
    • Książka
245 -Strefa tytułu i oznaczenia odpowiedzialności [0,0]
    • a
    • Tytuł
    • Earth Observing System. Find
    • n
    • Oznaczenie części (P)
    • Vol. 2,
    • p
    • Nazwa części (P)
    • From pattern to process: the strategy of the earth observing systems : Eos Science Steering Committee report /
    • c
    • Pozostałe elementy strefy tytułu i oznaczenia odpowiedzialności (NP)
    • National Aeronautics and Space Administration ; [science steering comm. Dixon M. Butler i in.].
260 -Strefa adresu wydawniczego [ , ]
    • a
    • Miejsce wydania (P)
    • [Washington] :
    • b
    • Nazwa wydawcy (P)
    • NASA,
    • c
    • Data wydania (P)
    • [ok. 1987].
300 -Strefa opisu fizycznego [ , ]
    • a
    • Określenie formy książki i/lub objętość (NP)
    • XIII, 140 s. :
    • b
    • Oznaczenie ilustracji (NP)
    • fot., mapki, wykr. ;
    • c
    • Format (NP)
    • 30 cm.
500 -Uwaga ogólna [ , ]
    • a
    • Uwaga ogólna (NP)
    • Rok wyd. za http://gso.gbv.de.
080 -Uniwersalna Klasyfikacja Dziesiętna [ , ]
    • 2
    • Identyfikator wydania tablic
    • UDC-P058
    • 9
    • UKD
    • 4250
    • a
    • Symbol klasyfikacji
    • 551.1/.4
    • b
    • Dopowiedzenie
    • Geologia ogólna: fizyczna i dynamiczna.
    • 4
    • UKD2
    • 7644
    • x
    • Poddział wspólny
    • =111
    • c
    • Dopowiedzenie poddz. wspólnego
    • =Język angielski.
080 -Uniwersalna Klasyfikacja Dziesiętna [ , ]
    • 2
    • Identyfikator wydania tablic
    • UDC-P058
    • 9
    • UKD
    • 4268
    • a
    • Symbol klasyfikacji
    • 551.5
    • b
    • Dopowiedzenie
    • Meteorologia.
    • 4
    • UKD2
    • 7644
    • x
    • Poddział wspólny
    • =111
    • c
    • Dopowiedzenie poddz. wspólnego
    • =Język angielski.
980 -Symbol UKD [ , ]
    • a
    • UKD
    • 551.1/.5]=111
700 -Hasło dodatkowe - nazwa osobowa [1, ]
    • 9
    • KHW
    • 17059
    • a
    • Nazwa osobowa (NP)
    • Butler, Dixon M. Find
    • e
    • Określenie rodzaju współpracy
    • Red.
Numer inwentarzowy Status udost. Lokalizacja Data inwentaryzacji
Z.1098741BG2007-12-10